000 00390nam a2200145Ia 4500
005 20250325034651.0
008 240331s9999 xx 000 0 und d
082 _bMAR
_a894
100 _aMaraikayar, S
245 0 _aBarathidasan ayvuk kovai
260 _aChennai
_bKankai Book shop
_c1990
300 _a728 p .,
500 _aA Collection of 100 Critical Essays on Barathidasan
942 _cL
999 _c3839
_d3839